| 000 | 00891nam a2200277Ia 4500 | ||
|---|---|---|---|
| 001 | Z_493 | ||
| 003 | CHAP | ||
| 008 | 220113s1987 xx 000 0 und d | ||
| 010 | _a163470 | ||
| 040 | _cCHAP | ||
| 090 | _aTesis L 377 | ||
| 100 |
_aLópez López, Enrique _968031 |
||
| 245 |
_aRespuesta del siratro Macroptilium atropurpureum DC. var. Siratro a la aplicación de diferentes niveles de fósforo en dos tipos de suelos tropicales / _cpor Enrique López López |
||
| 260 |
_aChapingo, Méx. : _bEl autor, _c1987 |
||
| 300 | _a107 h. | ||
| 502 | _aTesis (Ing. Agrónomo Esp. en Zootecnia) -- UACH. Departamento de Zootecnia | ||
| 650 |
_aFósforo _xEfecto en pastos _942248 |
||
| 650 |
_aMacroptilium atropurpureum _969557 |
||
| 650 |
_aSuelos tropicales _9110563 |
||
| 901 | _aTESIS L 377 | ||
| 902 | _aM | ||
| 910 | _a1987 | ||
| 942 | _c2 | ||
| 942 | _c2 | ||
| 999 |
_c163470 _d163470 |
||